=LDR 00000nam 2200000 4500 =001 INLIS000000000030055 =005 20130612132233 =008 ***********************************Ind** =035 ##$$0010-061300000030055 =041 ##$$a Ind =082 ##$$a 303.6 =090 ##$$a 303.6, Har k =100 ##$$a Harjana, Agus M =245 ##$$a Komflik di tempat kerja, Agus M. Harjana =260 ##$$a 1994 $b Yogyakarta =300 ##$$a 71 hlm, 19 cm =650 ##$$a Komflik =850 ##$$a NBPNMAT